Anar al contingut

Проектный термогазодинамический расчет газовых турбин энергетических машин и установок

Приведено описание методики расчета охлаждаемых многоступенчатых турбин газогенераторов двухвальных авиационных ГТД и конвертированных двигателей на их основе. Представлено описание программного комплекса газодинамического расчета осевых газовых турбин и определения параметров потока по радиусу прот...

Descripció completa

Guardat en:
Dades bibliogràfiques
Autor principal: Лиманский А. С.
Altres autors: Такмовцев В. В., Ильинков А. В., Хабибуллин И. И.
Format: Книга
Idioma:Russian
Publicat: Казань КНИТУ-КАИ 2021
Accés en línia:https://e.lanbook.com/book/248921
https://e.lanbook.com/img/cover/book/248921.jpg
Etiquetes: Afegir etiqueta
Sense etiquetes, Sigues el primer a etiquetar aquest registre!
LEADER 03907nam0a2200301 i 4500
001 248921
003 RuSpLAN
005 20221220174201.0
008 221220s2021 ru gs 000 0 rus
020 |a 978-5-7579-2509-7 
040 |a RuSpLAN 
041 0 |a rus 
044 |a ru 
080 |a 621.438:539.4 
245 0 0 |a Проектный термогазодинамический расчет газовых турбин энергетических машин и установок  |c Лиманский А. С.,Такмовцев В. В.,Ильинков А. В.,Хабибуллин И. И. 
260 |a Казань  |b КНИТУ-КАИ  |c 2021 
300 |a 176 с. 
500 |a Рекомендовано к изданию Учебно-методическим управлением КНИТУ-КАИ 
504 |a Библиогр.: доступна в карточке книги, на сайте ЭБС Лань 
520 8 |a Приведено описание методики расчета охлаждаемых многоступенчатых турбин газогенераторов двухвальных авиационных ГТД и конвертированных двигателей на их основе. Представлено описание программного комплекса газодинамического расчета осевых газовых турбин и определения параметров потока по радиусу проточной части ступени с использованием ПЭВМ, работающих в операционной системе Windows XP. Приведена методика расчета свободной турбины газотурбинной силовой установки наземного использования. Дана методика расчета газопереходного тракта между турбиной газогенератора и свободной турбиной. Представлена методика расчета радиально-осевой газовой турбины, работающей в составе малоразмерных турбокомпрессоров, используемых в системе наддува дизельных двигателей. Все методики проиллюстрированы примерами расчета реальных газовых турбин, используемых в промышленности, приведены необходимые справочные данные для расчета. Предназначено обучающимся по программам бакалавриата направлений 13.03.03 «Энергетическое машиностроение» (для усвоения материала лекционного курса «Расчет и проектирование высокотемпературных охлаждаемых турбин», «Паро- и газотурбинные установки» и «Агрегаты наддува двигателей») и 24.03.05 «Двигатели летательных аппаратов» при изучении дисциплины «Теория и расчет лопаточных машин» и выполнении курсового и дипломного проектирования. 
521 8 |a Книга из коллекции КНИТУ-КАИ - Инженерно-технические науки 
100 1 |a Лиманский А. С. 
700 1 |a Такмовцев В. В. 
700 1 |a Ильинков А. В. 
700 1 |a Хабибуллин И. И. 
856 4 |u https://e.lanbook.com/book/248921 
856 4 8 |u https://e.lanbook.com/img/cover/book/248921.jpg 
953 |a https://e.lanbook.com/img/cover/book/248921.jpg 
Cannot write session to /tmp/vufind_sessions/sess_e5cai9tpbi8l10u6pnku3m4p0m